<?xml version="1.0" encoding="UTF-8"?>
<collection xmlns="http://www.loc.gov/MARC21/slim">
 <record>
  <leader>01084nam a22002895a 4500</leader>
  <controlfield tag="001">EIQ.libpla003383</controlfield>
  <controlfield tag="008">071214s1971####mx#a##########001#0#spa#d</controlfield>
  <controlfield tag="005">20150619141915.0</controlfield>
  <datafield tag="245" ind1="1" ind2="0">
   <subfield code="a">Geometría diferencial /</subfield>
   <subfield code="c">por Martín M. Lipschutz ; traducción y adaptación Victor Ariza Prada.</subfield>
  </datafield>
  <datafield tag="260" ind1=" " ind2=" ">
   <subfield code="a">México :</subfield>
   <subfield code="b">McGraw-Hill,</subfield>
   <subfield code="c">c1971.</subfield>
  </datafield>
  <datafield tag="300" ind1=" " ind2=" ">
   <subfield code="a">286 p. :</subfield>
   <subfield code="b">il. ;</subfield>
   <subfield code="c">27,5 cm.</subfield>
  </datafield>
  <datafield tag="490" ind1="1" ind2=" ">
   <subfield code="a">Serie de compendios Schaum</subfield>
  </datafield>
  <datafield tag="500" ind1=" " ind2=" ">
   <subfield code="a">Incluye 500 problemas resueltos.</subfield>
  </datafield>
  <datafield tag="500" ind1=" " ind2=" ">
   <subfield code="a">Incluye índice.</subfield>
  </datafield>
  <datafield tag="100" ind1="1" ind2=" ">
   <subfield code="a">Lipschutz, Martín M.</subfield>
  </datafield>
  <datafield tag="700" ind1="1" ind2=" ">
   <subfield code="a">Ariza Prada, Victor,</subfield>
   <subfield code="e">tr.</subfield>
   <subfield code="4">trl</subfield>
  </datafield>
  <datafield tag="830" ind1=" " ind2="0">
   <subfield code="a">Schaum's outline series</subfield>
  </datafield>
  <datafield tag="246" ind1="3" ind2=" ">
   <subfield code="a">Teoría y problemas de geometría diferencial</subfield>
  </datafield>
  <datafield tag="650" ind1=" " ind2="4">
   <subfield code="a">Geometría diferencial</subfield>
   <subfield code="x">Teoría.</subfield>
  </datafield>
  <datafield tag="650" ind1=" " ind2="4">
   <subfield code="a">Geometría diferencial</subfield>
   <subfield code="x">Problemas.</subfield>
  </datafield>
  <datafield tag="650" ind1=" " ind2="4">
   <subfield code="a">Matemática</subfield>
   <subfield code="x">Geometría diferencial.</subfield>
  </datafield>
  <datafield tag="650" ind1=" " ind2="4">
   <subfield code="a">Geometry, Differential</subfield>
   <subfield code="x">Problems.</subfield>
  </datafield>
  <datafield tag="650" ind1=" " ind2="4">
   <subfield code="a">Geometry, Differential</subfield>
   <subfield code="x">Theory.</subfield>
  </datafield>
  <datafield tag="650" ind1=" " ind2="4">
   <subfield code="a">Mathematical</subfield>
   <subfield code="x">Geometry, Differential.</subfield>
  </datafield>
  <datafield tag="040" ind1=" " ind2=" ">
   <subfield code="a">AR-BbSID</subfield>
   <subfield code="b">spa</subfield>
   <subfield code="c">AR-BbSID</subfield>
  </datafield>
  <datafield tag="041" ind1="1" ind2=" ">
   <subfield code="a">spa</subfield>
   <subfield code="h">eng</subfield>
  </datafield>
  <datafield tag="859" ind1=" " ind2=" ">
   <subfield code="a">AR-BbSID</subfield>
   <subfield code="b">BIB. PLAPIQUI</subfield>
   <subfield code="h">516.36</subfield>
   <subfield code="i">L 669</subfield>
   <subfield code="p">331</subfield>
  </datafield>
 </record>
</collection>
